000 00433nam a2200145Ia 4500
008 180921t1892 xxu||||| ||||o00| 0 eng d
041 _aeng
245 _aPapers Laid Before The Legislative Council of Ceylon During The Session of 1891 : Bill Relating To Firearms.
260 _c1892
300 _ap.120-121, 33 cm
500 _aSessional Paper xxv-1891
942 _cBK
999 _c51540
_d51540
003 LK-CoDNM
040 _aLK-CoDNM
_dLK-CoDNM
_eLK-CoDNM